00920nam a22002657a 4500999001700000005001700017008004100034020001800075040002700093041000800120044000700128082001700135100002000152245007900172260006400251300005400315650002400369650002000393650003000413700002000443700001600463700001900479942001500498952014100513 c20470d2047020190709070003.0190709b xxu||||| |||| 00| 0 spa d a9789589920145 aCO-BoIAVH cCO-BoIAVH  aspa ack a598.17bM97g aMuñoz, Ulises10aGuía fotográfica de la aves del Valle de Aburrá: bsegunda edición aMedellín:bSociedad Antioqueña de Ornitología,c2018. a485 páginasbfotografías a colorc22 x 13 cm 0aAvesxdescripción 0aAvesxHábitat 0aAvesxlistado de especies aQuiceno, Wilmer aOchoa, Juan aQuiroz, Victor 2ddccLIBRO 00102ddc40708GENERALaBogotabBogotad2019-07-09l0oLB-598.17 M97gp030482r2019-07-09 00:00:00tEj, 1w2019-07-09xDonacionyLIBRO